000 00614nam a2200217 4500
003 OSt
005 20240621012155.0
006 a
008 240621b |||||||| |||| 00| 0 eng d
040 _aDWCL-HMN lib.
_cOC
082 _aCirc. 641.5948 B898c 1968
100 _aBrown, Dale
245 _aThe Cooking of Scandinavia /
260 _aAlexandria, Verginia :
_bTime- life Books,
_cc1968.
300 _b206 p. : col. ill., map. ;
_c28 cm.
490 _3Foods of the world
504 _aIncludes indexes.
650 _a1. Scandinavia- Cooking
650 _a2. Cooking I.
942 _2ddc
_n0
_cBK-CIRC
_kCirc.
999 _c1032
_d1032